| 000 | 00641nam a2200193Ia 4500 | ||
|---|---|---|---|
| 005 | 20250508165321.0 | ||
| 008 | 008 250505s9999 xx 000 0 eng d | ||
| 037 | _aDissertations | ||
| 040 |
_aFEDL _beng _cFEDL |
||
| 041 |
_aeng _2eng |
||
| 084 |
_a371.91, VIK/DI _qFEDL |
||
| 100 |
_aVikramjeet _9780480 |
||
| 245 | 0 | _aStudy of the social adjustment of adolescents with visual impairment studying in exclusive and inclusive settings: A Comparison | |
| 260 | _c2013 | ||
| 300 | _a122p. | ||
| 546 | _aM.Ed. Dissertation, (Delhi University); C D Included | ||
| 942 |
_cDIS _h371.91, VIK/DI |
||
| 999 |
_c1394415 _d1394415 |
||